000 00340nam a2200133 a 4500
005 20140414131929.0
008 100922s19uu xx 00 eng d
050 _aFIC
_bK93 2007
100 _aKrueger, Jim
245 _aMy double-edged life :
_bBook 2.
260 _aManila, Philippines :
_bOMF,
_c2007.
440 _aTomo
999 _c112162
_d112162